• 首页
  • 本馆介绍
  • 公告通知
  • 最新文献
  • 馆藏检索
  • 电子资源
  • 读者导购
  • 参考咨询
  • 我的图书馆
  • 登录
  • 详细信息显示
  • 放入我的书架
  • 预约/预借图书
  • 作者相关作品
  • 分类相关作品
  • 丛书相关作品
  • 出版社相关作品

书目信息

  • 表格格式
  • 工作单格式
  • 卡片格式
题名:
多元文化与教育
    
 
作者: 巴登尼玛 主编
分册: 第3辑  
出版信息: 成都   巴蜀书社  2013.05
页数: 298页
开本: 25cm
丛书名:
单 册:
中图分类: G40-055
科图分类:
主题词: 多元文化--文化教育--研究--中国 , 多元文化 , 文化教育
电子资源:
ISBN: 978-7-5531-0239-9
000 00978nam0 2200277 450
001 0120131182787
005 20160516093411.29
010    @a978-7-5531-0239-9@dCNY42.00
100    @a20131115d2013 em y0chiy0110 ea
101 0  @achi@eeng@deng
102    @aCN@b510000
105    @aa z 000yy
106    @ar
200 1  @a多元文化与教育@9duo yuan wen hua yu jiao yu@h第3辑@f巴登尼玛主编
210    @a成都@c巴蜀书社@d2013.05
215    @a298页@c图@d25cm
304    @a英文共同题名:Multiculture and education
330    @a本书设有文化整理、专题研究、逝水年华、田野故事、文化评论、学术视野、序跋书评7个栏目,收入了《近代云南少数民族地区的女子教会教育》、《广州珠村小学的乞巧文化教育》等文章。
333    @a多元文化研究人员
606 0  @a多元文化@x文化教育@x研究@y中国
606 0  @a多元文化
606 0  @a文化教育
690    @aG40-055@v5
701  0 @c(藏)@a巴登尼玛@9ba deng ni ma@c(副教授)@4主编
801  0 @aCN@bNLC@c20131129
905    @b877624-29@dG40-055@e692:3@f6
    
    多元文化与教育.第3辑/巴登尼玛主编.-成都:巴蜀书社,2013.05
    298页:图;25cm
    使用对象:多元文化研究人员
    
    ISBN 978-7-5531-0239-9:CNY42.00
    本书设有文化整理、专题研究、逝水年华、田野故事、文化评论、学术视野、序跋书评7个栏目,收入了《近代云南少数民族地区的女子教会教育》、《广州珠村小学的乞巧文化教育》等文章。
●
相关链接 在E读中查询图书 在五车中查询图书 在当当中查询图书 在豆瓣中查询图书


正题名:多元文化与教育     索取号:G40-055/692:3         预约/预借

序号 登录号 条形码 馆藏地/架位号 状态 备注
1 877624   208776243   第一样本阅览室/ [索取号:G40-055/692:3] 在馆    
2 877625   208776252   教育系资料室/ [索取号:G40-055/692:3] 在馆    
3 877626   208776261   教育系资料室/ [索取号:G40-055/692:3] 在馆    
4 877627   208776270   教育系资料室/ [索取号:G40-055/692:3] 在馆    
5 877628   208776289   第四借阅区/ [索取号:G40-055/692:3] 在馆    
6 877629   208776298   第四借阅区/ [索取号:G40-055/692:3] 在馆    
唐山师范学院图书馆 欢迎您!
大连网信软件有限公司© 版权所有